00286nam a2200097 a 450000500170000000800410001724500880005826000120014699900170015804000130017520200930055603.0110415s2004 000 spa d 0aGuiados por el espiritu vividos en comunidad: catequesis de iniciación cristiana. c[s.f.]. c28979d28979 aDO-SdBNP